000
00183nam a2200073Ia 4500
008
170523s9999 xx 000 0 und d
100
_a
Ananthasuresh- G.K.
245
0
_a
Micro and Smart Systems
260
_a
Wiley India
999
_c
12239
_d
12239